[Event "Vsetin op 41st"]
[Site "Vsetin"]
[Date "2016.07.08"]
[Round "8"]
[White "Kubin, Petr"]
[Black "Gresova, Zuzana"]
[Result "1/2-1/2"]
[WhiteElo "2009"]
[BlackElo "1808"]
[PlyCount "88"]
[EventDate "2016.07.02"]
[EventType "swiss"]
[EventRounds "9"]
[EventCountry "CZE"]
[SourceTitle "CBM 173 Extra"]
[Source "ChessBase"]
[SourceDate "2016.08.29"]
[SourceVersion "1"]
[SourceVersionDate "2016.08.29"]
[SourceQuality "1"]

1. e4 c5 2. Nf3 d6 3. d4 cxd4 4. Nxd4 Nf6 5. Nc3 a6 6. Bg5 e6 7. f4 Qb6 8. Qd2 Qxb2 9. Rb1 Qa3 10. f5 Nc6 11. fxe6 fxe6 12. Nxc6 bxc6 13. Be2 Be7 14. 0-0 0-0 15. Rb3 Qa5 16. Nd5 Qd8 17. Nxe7+ Qxe7 18. Rd3 Qa7+ 19. Kh1 d5 20. e5 Nd7 21. Rxf8+ Nxf8 22. Bh5 Rb8 23. Rb3 Bd7 24. Be3 Qc7 25. Qf2 Be8 26. Bc5 Nd7 27. Bd6 Rxb3 28. axb3 Qd8 29. Bg4 Bf7 30. Qa7 h5 31. Be2 Bg6 32. c3 Be4 33. Qe3 Qa5 34. h3 Qa1+ 35. Kh2 Qe1 36. c4 a5 37. Bc7 Kh8 38. Bd6 Kg8 39. Bc7 Kh7 40. Bd6 Kg8 41. Bc7 Kh7 42. Bd6 Kg8 43. Bc7 h4 44. Bd6 Kh8 1/2-1/2

[Event "Vsetin op 41st"]
[Site "Vsetin"]
[Date "2016.07.05"]
[Round "5"]
[White "Karlik, Vladimir"]
[Black "Kubin, Petr"]
[Result "1-0"]
[WhiteElo "2259"]
[BlackElo "2009"]
[PlyCount "103"]
[EventDate "2016.07.02"]
[EventType "swiss"]
[EventRounds "9"]
[EventCountry "CZE"]
[SourceTitle "CBM 173 Extra"]
[Source "ChessBase"]
[SourceDate "2016.08.29"]
[SourceVersion "1"]
[SourceVersionDate "2016.08.29"]
[SourceQuality "1"]

1. d4 d5 2. Bf4 Nf6 3. Nf3 c5 4. c3 e6 5. e3 Nc6 6. Nbd2 cxd4 7. exd4 Bd6 8. Bg3 0-0 9. Bd3 h6 10. Ne5 Bxe5 11. dxe5 Nd7 12. Nf3 Qc7 13. Qe2 Nc5 14. 0-0 Nxd3 15. Qxd3 b6 16. Qe3 Ba6 17. Rfd1 Rac8 18. Rac1 Bc4 19. b3 Ba6 20. Bf4 Ne7 21. Nd4 Kh7 22. h4 Nc6 23. Nf3 Qe7 24. Re1 Qc5 25. Qd2 Rfd8 26. Be3 Qe7 27. Bd4 Nxd4 28. Qxd4 Rd7 29. Qd2 Rdc7 30. g3 Kg8 31. Nd4 Rc5 32. Re3 Qc7 33. g4 Qe7 34. Rh3 Qc7 35. Qe3 Qe7 36. f4 Re8 37. Re1 Rec8 38. Qd2 Qc7 39. Ree3 Re8 40. Qe1 Kh7 41. f5 Qd7 42. Qf2 Rcc8 43. Rhg3 Rf8 44. Rgf3 Kg8 45. h5 Rce8 46. f6 g6 47. hxg6 fxg6 48. Rh3 Qh7 49. Qh2 g5 50. Re1 Bd3 51. Rxh6 Qc7 52. Rh8+ 1-0

[Event "Tabor op"]
[Site "Tabor"]
[Date "2013.08.01"]
[Round "6"]
[White "Kubin, Petr"]
[Black "Pribyl, Josef"]
[Result "0-1"]
[WhiteElo "2036"]
[BlackElo "2318"]
[PlyCount "156"]
[EventDate "2013.07.28"]
[EventType "swiss"]
[EventRounds "9"]
[EventCountry "CZE"]
[SourceTitle "CBM 155 Extra"]
[Source "ChessBase"]
[SourceDate "2013.08.26"]
[SourceVersion "1"]
[SourceVersionDate "2013.08.26"]
[SourceQuality "1"]

1. e4 d6 2. d4 Nf6 3. Nc3 e5 4. Nf3 Nbd7 5. Bc4 Be7 6. 0-0 0-0 7. Re1 c6 8. a4 b6 9. d5 c5 10. a5 bxa5 11. Bd2 Nb6 12. Bf1 Bd7 13. Rxa5 Nc4 14. Ra2 Nxd2 15. Nxd2 Ne8 16. Bb5 Bxb5 17. Nxb5 a6 18. Qa1 Qb6 19. Nc3 Nc7 20. Nc4 Qb8 21. Na5 f5 22. f3 Qe8 23. Nc4 f4 24. Qd1 Rf6 25. Kf2 Rh6 26. Rh1 Kh8 27. Ra1 Qh5 28. Ke2 Rg6 29. Qf1 Rf8 30. Ra3 Rb8 31. Kd3 Rg5 32. Ra2 Qe8 33. Rg1 Rb4 34. Qa1 Qh5 35. Qf1 Qxh2 36. Ra4 Rb8 37. Ra3 Qh5 38. Rh1 Qg6 39. Rh2 Kg8 40. Qh1 h6 41. Kd2 Qe8 42. Ne2 Rb4 43. b3 Bf8 44. Nc1 Rb8 45. Nd3 Qc8 46. Qa1 Qb7 47. Na5 Qb5 48. Nc6 Ra8 49. Nb2 Qb7 50. Nc4 Nb5 51. Ra2 Nd4 52. Nxd4 cxd4 53. Ra4 Rg6 54. Qa3 Qe7 55. Rxa6 Rxa6 56. Qxa6 Qg5 57. Qa1 Qg3 58. Qg1 Qxf3 59. gxf3 Rxg1 60. c3 Rf1 61. Rh3 dxc3+ 62. Kxc3 Kf7 63. Kb4 g5 64. Kb5 Kg6 65. b4 h5 66. Kb6 Rc1 67. Na5 g4 68. fxg4 hxg4 69. Rh8 Bg7 70. Rd8 g3 71. Rxd6+ Kh5 72. Rc6 Rb1 73. d6 g2 74. d7 Rd1 75. Kc7 g1Q 76. b5 Qa7+ 77. Nb7 Rxd7+ 78. Kxd7 Qxb7+ 0-1

[Event "Tatry op"]
[Site "Tatranske Zruby"]
[Date "2010.10.09"]
[Round "9"]
[White "Demeter, Peter"]
[Black "Kubin, Petr"]
[Result "1-0"]
[WhiteElo "2246"]
[BlackElo "2023"]
[PlyCount "151"]
[EventDate "2010.10.02"]
[EventType "swiss"]
[EventRounds "9"]
[EventCountry "SVK"]
[SourceTitle "CBM 138 Extra"]
[Source "ChessBase"]
[SourceDate "2010.10.29"]
[SourceVersion "1"]
[SourceVersionDate "2010.10.29"]
[SourceQuality "1"]

1. c4 e5 2. d3 Nf6 3. Nf3 Nc6 4. g3 d5 5. cxd5 Nxd5 6. Bg2 Be7 7. 0-0 Be6 8. Nc3 0-0 9. Nxd5 Bxd5 10. Be3 Bf6 11. Nd2 Bxg2 12. Kxg2 Bg5 13. Qb3 Bxe3 14. fxe3 Rb8 15. Rf3 Ne7 16. Rc1 c6 17. e4 Qd7 18. Rcf1 Ng6 19. h4 Qe6 20. Qxe6 fxe6 21. Rxf8+ Nxf8 22. Nc4 Nd7 23. Nd6 Nf6 24. h5 h6 25. Nc4 Nd7 26. Rc1 Kf7 27. Rf1+ Kg8 28. b4 Rf8 29. Rxf8+ Kxf8 30. Na5 c5 31. b5 a6 32. a4 axb5 33. axb5 b6 34. Nc4 Ke7 35. Kh3 Kf6 36. Kh4 Ke7 37. g4 Kf6 38. g5+ Ke7 39. Ne3 Kf7 40. Ng4 hxg5+ 41. Kxg5 Kg8 42. Ne3 Kf7 43. Nc4 Kf8 44. h6 gxh6+ 45. Kxh6 Kf7 46. Kg5 Ke7 47. Kg4 Kf6 48. Kf3 Ke7 49. Kg3 Kf7 50. Kg4 Kg6 51. Kf3 Kf6 52. Kg4 Kg6 53. Nd2 Nf6+ 54. Kh4 Nd7 55. Nf3 Kf6 56. Kh5 Nf8 57. Nh2 Nd7 58. Kh6 Kf7 59. Ng4 Ke7 60. Kg7 c4 61. dxc4 Nc5 62. Nxe5 Nxe4 63. Nd3 Ng3 64. c5 bxc5 65. b6 Kd8 66. Nxc5 Nxe2 67. Kf6 Nd4 68. Ke5 Nc2 69. Kxe6 Na3 70. Kd5 Nb5 71. Kc6 Nd4+ 72. Kb7 Nf5 73. Ka8 Ne7 74. Ne6+ Kd7 75. b7 Nc6 76. Nd4 1-0

[Event "Tatry op"]
[Site "Tatranske Zruby"]
[Date "2010.10.07"]
[Round "7"]
[White "Komlosi, Frantisek"]
[Black "Kubin, Petr"]
[Result "0-1"]
[WhiteElo "1902"]
[BlackElo "2023"]
[PlyCount "82"]
[EventDate "2010.10.02"]
[EventType "swiss"]
[EventRounds "9"]
[EventCountry "SVK"]
[SourceTitle "CBM 138 Extra"]
[Source "ChessBase"]
[SourceDate "2010.10.29"]
[SourceVersion "1"]
[SourceVersionDate "2010.10.29"]
[SourceQuality "1"]

1. d4 d5 2. c4 dxc4 3. Nc3 a6 4. a4 Nc6 5. Nf3 Nf6 6. Bg5 h6 7. Bh4 g5 8. Bg3 Nh5 9. e3 Na5 10. Nd2 Nxg3 11. hxg3 Be6 12. Be2 Bg7 13. Qc2 c6 14. Nce4 b5 15. Nc5 Bd5 16. e4 Bxd4 17. exd5 Bxc5 18. dxc6 Nxc6 19. Bh5 Qd5 20. 0-0 Nd4 21. Qe4 e6 22. axb5 Nxb5 23. Qxc4 Qxc4 24. Nxc4 0-0 25. Bf3 Ra7 26. Rfd1 Nd4 27. Bh5 Rb8 28. Ra4 a5 29. Rd3 Rb3 30. Rxb3 Nxb3 31. Bd1 Rb7 32. Bxb3 Rxb3 33. Rxa5 Bd4 34. Ra2 Rxg3 35. Nd2 Rd3 36. Nf3 Rd1+ 37. Kh2 Bxf2 38. b4 Bb6 39. Rb2 f6 40. Kg3 Kf7 41. b5 Rd3 0-1

[Event "Tatry op"]
[Site "Tatranske Zruby"]
[Date "2010.10.04"]
[Round "4"]
[White "Csala, Jan"]
[Black "Kubin, Petr"]
[Result "0-1"]
[WhiteElo "2168"]
[BlackElo "2023"]
[PlyCount "108"]
[EventDate "2010.10.02"]
[EventType "swiss"]
[EventRounds "9"]
[EventCountry "SVK"]
[SourceTitle "CBM 138 Extra"]
[Source "ChessBase"]
[SourceDate "2010.10.29"]
[SourceVersion "1"]
[SourceVersionDate "2010.10.29"]
[SourceQuality "1"]

1. d4 d5 2. Nf3 Nf6 3. g3 c6 4. Bg2 Bf5 5. 0-0 h6 6. c4 e6 7. Nc3 Be7 8. Qb3 Qb6 9. c5 Qa6 10. Re1 b6 11. cxb6 axb6 12. Nd2 Nbd7 13. e4 dxe4 14. Ndxe4 Rc8 15. Bf4 Nxe4 16. Nxe4 Bxe4 17. Bxe4 Nf6 18. Bd3 Qb7 19. Be5 0-0 20. Rac1 Rfd8 21. Bb1 Rd5 22. Qf3 Qd7 23. a3 Qe8 24. Ba2 Rdd8 25. Bb1 Qd7 26. g4 Qd5 27. Qg3 c5 28. Rcd1 c4 29. g5 hxg5 30. Qxg5 Qf3 31. Bg3 Rd5 32. Qc1 b5 33. Qe3 Qxe3 34. fxe3 Rcd8 35. Be5 Rc8 36. Kf1 Ng4 37. Bf4 Rh5 38. Kg2 f5 39. d5 Bh4 40. Re2 e5 41. h3 Nf2 42. Rxf2 Bxf2 43. Bxe5 Bxe3 44. d6 Bb6 45. d7 Rd8 46. Rd5 Kf7 47. Rxb5 Be3 48. Ba2 Rxd7 49. Bxc4+ Kg6 50. Bc3 Rd1 51. Rb7 Rg1+ 52. Kf3 Rxh3+ 53. Ke2 Rg2+ 54. Kf1 Rf2+ 0-1

[Event "Tabor op"]
[Site "Tabor"]
[Date "2010.08.06"]
[Round "7"]
[White "Hampel, Rudolf"]
[Black "Kubin, Petr"]
[Result "0-1"]
[WhiteElo "1800"]
[BlackElo "2027"]
[PlyCount "52"]
[EventDate "2010.08.01"]
[EventType "swiss"]
[EventRounds "9"]
[EventCountry "CZE"]
[SourceTitle "EXT 2012"]
[Source "ChessBase"]
[SourceDate "2011.11.24"]
[SourceVersion "1"]
[SourceVersionDate "2011.11.24"]
[SourceQuality "1"]

1. e4 c5 2. Nf3 d6 3. d4 cxd4 4. Nxd4 Nf6 5. Nc3 a6 6. a4 Nc6 7. Bg5 e6 8. Bc4 Be7 9. 0-0 Bd7 10. Nxc6 Bxc6 11. Qe2 Nxe4 12. Bxe7 Nxc3 13. Qg4 Qxe7 14. Qxg7 Kd7 15. Qxc3 Rhg8 16. f3 Qh4 17. Rad1 Rg6 18. Rd4 Qh3 19. Qd2 Rag8 20. Rg4 Rxg4 21. fxg4 Qxg4 22. Rxf7+ Ke8 23. Rf2 Qxc4 24. Qxd6 Qd5 25. Qb8+ Qd8 26. Qe5 Qd1+ 0-1

[Event "CZE-chT2F 0910"]
[Site "Czech Republic"]
[Date "2010.01.17"]
[Round "5.3"]
[White "Orzechowski, Jacek"]
[Black "Kubin, Petr"]
[Result "1-0"]
[WhiteElo "2286"]
[BlackElo "2091"]
[PlyCount "39"]
[EventDate "2009.10.18"]
[EventType "team-tourn"]
[EventRounds "11"]
[EventCountry "CZE"]
[SourceTitle "EXT 2012"]
[Source "ChessBase"]
[SourceDate "2011.11.24"]
[SourceVersion "1"]
[SourceVersionDate "2011.11.24"]
[SourceQuality "1"]
[WhiteTeam "Benesov"]
[BlackTeam "Vsetin"]
[WhiteTeamCountry "CZE"]
[BlackTeamCountry "CZE"]

1. c4 e5 2. g3 Nf6 3. Bg2 Nc6 4. Nc3 Bb4 5. Nf3 0-0 6. 0-0 d6 7. d3 Bxc3 8. bxc3 Re8 9. e4 h6 10. Rb1 Ne7 11. Nh4 c6 12. f4 exf4 13. gxf4 Qa5 14. h3 Qh5 15. Qe1 Ng6 16. Nxg6 Qxg6 17. f5 Qh5 18. Qg3 Qe2 19. Rb2 Nh5 20. Qxd6 1-0

[Event "CZE-chT2F 0910"]
[Site "Czech Republic"]
[Date "2009.12.06"]
[Round "4.2"]
[White "Schuster, Vit"]
[Black "Kubin, Petr"]
[Result "1/2-1/2"]
[WhiteElo "2059"]
[BlackElo "2091"]
[PlyCount "128"]
[EventDate "2009.10.18"]
[EventType "team-tourn"]
[EventRounds "11"]
[EventCountry "CZE"]
[SourceTitle "EXT 2012"]
[Source "ChessBase"]
[SourceDate "2011.11.24"]
[SourceVersion "1"]
[SourceVersionDate "2011.11.24"]
[SourceQuality "1"]
[WhiteTeam "Bruntal"]
[BlackTeam "Vsetin"]
[WhiteTeamCountry "CZE"]
[BlackTeamCountry "CZE"]

1. e4 c5 2. Nf3 d6 3. d4 cxd4 4. Nxd4 Nf6 5. Nc3 a6 6. Be2 e5 7. Nb3 Be7 8. Be3 Be6 9. f3 Nbd7 10. 0-0 0-0 11. Qe1 d5 12. exd5 Nxd5 13. Nxd5 Bxd5 14. Rd1 Be6 15. Nc5 Qb6 16. Nxe6 Qxe6 17. b3 Bc5 18. Bxc5 Nxc5 19. Bc4 Qb6 20. Kh1 Qc7 21. Rd5 Rfe8 22. Qe3 Nd7 23. Re1 h6 24. Bd3 Rad8 25. h3 f6 26. Bg6 Rf8 27. Red1 Nb6 28. R5d2 Rxd2 29. Qxd2 Rc8 30. c4 Qc5 31. Qd8+ Rxd8 32. Rxd8+ Qf8 33. Rxf8+ Kxf8 34. Be4 a5 35. Bxb7 Ke7 36. Kg1 Kd6 37. Kf2 Kc5 38. Ke3 Kb4 39. Kd3 Nd7 40. Kc2 Ka3 41. Bc8 Nc5 42. Kb1 Nd3 43. Be6 Nb4 44. c5 Nxa2 45. Kc2 Nb4+ 46. Kc3 a4 47. bxa4 Kxa4 48. Kc4 Ka5 49. Bd7 Nc2 50. Kd5 Ne3+ 51. Kd6 Nc4+ 52. Kc7 Kb4 53. c6 Kc5 54. Kd8 Nd6 55. Ke7 Nb5 56. Kf7 f5 57. Kxg7 e4 58. Bxf5 exf3 59. gxf3 Kxc6 60. Kxh6 Kd6 61. Kg5 Ke7 62. Kg6 Kf8 63. Be6 Nd4 64. Bd5 Nxf3 1/2-1/2

[Event "Tatry op"]
[Site "Tatranske Zruby"]
[Date "2008.10.02"]
[Round "7"]
[White "Kubin, Petr"]
[Black "Burnett, Andrew"]
[Result "0-1"]
[WhiteElo "2069"]
[BlackElo "2210"]
[PlyCount "88"]
[EventDate "2008.09.27"]
[EventType "swiss"]
[EventRounds "9"]
[EventCountry "SVK"]
[SourceTitle "CBM 126 Extra"]
[Source "ChessBase"]
[SourceDate "2008.11.05"]
[SourceVersion "1"]
[SourceVersionDate "2008.11.05"]
[SourceQuality "1"]

1. e4 c5 2. Nf3 d6 3. d4 Nf6 4. Nc3 cxd4 5. Nxd4 g6 6. Be3 Bg7 7. f3 Nc6 8. Qd2 0-0 9. Bc4 Bd7 10. 0-0-0 Ne5 11. Bb3 Rc8 12. h4 h5 13. Bg5 Rc5 14. Kb1 b5 15. Nd5 Nxd5 16. Bxd5 Nc4 17. Bxc4 Rxc4 18. Nb3 Be6 19. Bh6 Qb6 20. Bxg7 Kxg7 21. g4 Rh8 22. g5 Rhc8 23. Rc1 b4 24. Rhd1 a5 25. Nd4 Bd7 26. Qe3 Qc7 27. Rd2 a4 28. f4 e5 29. Ne2 Be6 30. fxe5 dxe5 31. Qd3 Qc6 32. Qf3 Bg4 33. Qf2 Rxe4 34. Rf1 Bf5 35. Ng3 Rf4 36. Nxf5+ gxf5 37. Qe2 Qe4 38. Rxf4 exf4 39. Kc1 f3 40. Qf2 b3 41. axb3 axb3 42. Qd4+ Kg8 43. c3 Ra8 44. Qxe4 fxe4 0-1

[Event "Tatry op"]
[Site "Tatranske Zruby"]
[Date "2006.09.30"]
[Round "9"]
[White "Kubin, Petr"]
[Black "Koval, Daniel"]
[Result "0-1"]
[WhiteElo "2058"]
[BlackElo "2173"]
[PlyCount "58"]
[EventDate "2006.09.23"]
[EventType "swiss"]
[EventRounds "9"]
[EventCountry "SVK"]
[SourceTitle "CBM 114 Extra"]
[Source "ChessBase"]
[SourceDate "2006.11.03"]
[SourceVersion "1"]
[SourceVersionDate "2006.11.03"]
[SourceQuality "1"]

1. e4 e6 2. d4 d5 3. Nc3 Bb4 4. e5 c5 5. a3 Bxc3+ 6. bxc3 Ne7 7. Qg4 cxd4 8. cxd4 Qc7 9. Bd2 Qxc2 10. Qxg7 Rg8 11. Qh6 Nbc6 12. Nf3 Bd7 13. Rc1 Qe4+ 14. Be3 0-0-0 15. Kd2 Nf5 16. Qf4 Kb8 17. g3 Rg4 18. Qxe4 dxe4 19. Bh3 Rg7 20. Bxf5 exf5 21. Nh4 Be6 22. Kc3 f4 23. gxf4 Rg4 24. f5 Bc8 25. Kb2 Rd5 26. e6 fxe6 27. f6 Rxh4 28. f7 Rf5 29. Rhg1 Rxf7 0-1

[Event "Tatry op"]
[Site "Tatranske Zruby"]
[Date "2006.09.26"]
[Round "5"]
[White "Kubin, Petr"]
[Black "Pechacek, Stanislav"]
[Result "0-1"]
[WhiteElo "2058"]
[BlackElo "2142"]
[PlyCount "42"]
[EventDate "2006.09.23"]
[EventType "swiss"]
[EventRounds "9"]
[EventCountry "SVK"]
[SourceTitle "CBM 114 Extra"]
[Source "ChessBase"]
[SourceDate "2006.11.03"]
[SourceVersion "1"]
[SourceVersionDate "2006.11.03"]
[SourceQuality "1"]

1. e4 c5 2. Nf3 Nc6 3. d4 cxd4 4. Nxd4 Qb6 5. Nb3 Nf6 6. Nc3 e6 7. Be3 Qc7 8. Qd2 a6 9. f3 b5 10. 0-0-0 d6 11. Kb1 Rb8 12. Qf2 Nd7 13. f4 Nb6 14. Nd4 Nxd4 15. Bxd4 b4 16. Ne2 e5 17. Be3 Nc4 18. Bc1 Na3+ 19. bxa3 bxa3+ 20. Ka1 Qxc2 21. Bxa3 Be6 0-1

[Event "Tatry op"]
[Site "Tatranske Zruby"]
[Date "2006.09.24"]
[Round "2"]
[White "Frink, Ferenc"]
[Black "Kubin, Petr"]
[Result "0-1"]
[WhiteElo "2256"]
[BlackElo "2058"]
[PlyCount "52"]
[EventDate "2006.09.23"]
[EventType "swiss"]
[EventRounds "9"]
[EventCountry "SVK"]
[SourceTitle "CBM 114 Extra"]
[Source "ChessBase"]
[SourceDate "2006.11.03"]
[SourceVersion "1"]
[SourceVersionDate "2006.11.03"]
[SourceQuality "1"]

1. e4 c5 2. b4 cxb4 3. a3 bxa3 4. Bxa3 d6 5. d4 Nf6 6. Bd3 Nc6 7. c3 e6 8. Ne2 Be7 9. 0-0 b6 10. Nd2 e5 11. h3 0-0 12. f4 Bb7 13. Qb1 Qc7 14. g4 h6 15. Nf3 Rfe8 16. f5 d5 17. exd5 Nxd5 18. Bc1 exd4 19. cxd4 Bf6 20. Ra3 Nxd4 21. Nexd4 Qg3+ 22. Kh1 Qxh3+ 23. Nh2 Ne3+ 24. Be4 Bxe4+ 25. Qxe4 Rxe4 26. Bxe3 Rxe3 0-1

[Event "CZE-chT2f 0506"]
[Site "Czech Republic"]
[Date "2006.02.26"]
[Round "8.3"]
[White "Zelenka, Milan"]
[Black "Kubin, Petr"]
[Result "1-0"]
[WhiteElo "2134"]
[BlackElo "2074"]
[PlyCount "37"]
[EventDate "2005.10.16"]
[EventType "team"]
[EventRounds "11"]
[EventCountry "CZE"]
[SourceTitle "EXT 2009"]
[Source "ChessBase"]
[SourceDate "2008.11.26"]
[SourceVersion "1"]
[SourceVersionDate "2008.11.26"]
[SourceQuality "1"]

1. d4 d5 2. c4 dxc4 3. Nf3 Nf6 4. e3 e6 5. Bxc4 c5 6. 0-0 a6 7. a4 Nc6 8. Nc3 Be7 9. b3 0-0 10. Bb2 cxd4 11. exd4 Nb4 12. Ne5 Nbd5 13. Rc1 Qd6 14. Re1 Nxc3 15. Rxc3 Nd5 16. Rg3 f6 17. Bc1 f5 18. Qh5 f4 19. Bd3 1-0

[Event "CZE-chT2f 0506"]
[Site "Czech Republic"]
[Date "2005.12.18"]
[Round "5.3"]
[White "Kubin, Petr"]
[Black "Pavelek, Karel"]
[Result "1-0"]
[WhiteElo "2074"]
[BlackElo "2220"]
[PlyCount "81"]
[EventDate "2005.10.16"]
[EventType "team"]
[EventRounds "11"]
[EventCountry "CZE"]
[SourceTitle "EXT 2009"]
[Source "ChessBase"]
[SourceDate "2008.11.26"]
[SourceVersion "1"]
[SourceVersionDate "2008.11.26"]
[SourceQuality "1"]

1. e4 e5 2. Nf3 Nc6 3. Bb5 a6 4. Bxc6 dxc6 5. 0-0 f6 6. d4 exd4 7. Nxd4 c5 8. Nb3 Qxd1 9. Rxd1 Bd6 10. Nc3 Be6 11. Be3 b6 12. a4 0-0-0 13. a5 Kb7 14. axb6 cxb6 15. Bxc5 Bxb3 16. Rxd6 Rxd6 17. Bxd6 Be6 18. Bf8 h5 19. Bxg7 Rh7 20. Bf8 Rf7 21. Bd6 f5 22. f3 fxe4 23. Nxe4 Bf5 24. Re1 Rd7 25. Bf4 Bxe4 26. Rxe4 Nf6 27. Re2 Nd5 28. Bg5 b5 29. c3 a5 30. Kf2 Kc6 31. g4 hxg4 32. fxg4 Kc5 33. Re4 a4 34. Be3+ Nxe3 35. Kxe3 Rh7 36. g5 Rxh2 37. Rg4 Rxb2 38. g6 a3 39. g7 a2 40. g8Q a1Q 41. Rg5+ 1-0